Busca y rebusca de Valle-Inclán (Record no. 11057)

MARC details
000 -LEADER
campo de control de longitud fija 01209nam a2200277 i 4500
001 - NÚMERO DE CONTROL
campo de control 11057
003 - IDENTIFICADOR DE NÚMERO DE CONTROL
campo de control ES-MaACL
005 - FECHA Y HORA DE LA ÚLTIMA TRANSACCIÓN
campo de control 20240221153505.0
007 - CAMPO FIJO DE DESCRIPCIÓN FÍSICA--INFORMACIÓN GENERAL
campo de control de longitud fija t|
008 - DATOS DE LONGITUD FIJA--INFORMACIÓN GENERAL
campo de control de longitud fija 921015m1990 sp ||||0| spa d
016 7# - NÚMERO DE CONTROL DE UNA AGENCIA BIBLIOGRÁFICA NACIONAL
Número de control cancelado/no válido CEN920076943
020 ## - NÚMERO INTERNACIONAL ESTÁNDAR DEL LIBRO
Número Internacional Estándar del Libro 84-302-88-012-1
040 ## - FUENTE DE CATALOGACIÓN
Centro catalogador/agencia de origen CEN
Lengua de catalogación spa
Centro/agencia transcriptor CEN
080 ## - NÚMERO DE LA CLASIFICACIÓN DECIMAL UNIVERSAL
Número de la Clasificación Decimal Universal 860 Valle-Inclán, Ramón del 1.06(063)
111 2# - ENTRADA PRINCIPAL--NOMBRE DE CONGRESO/REUNIÓN
Nombre de congreso/reunión o jurisdicción como elemento de entrada Simposio Internacional sobre Valle-Inclán (
Fecha del congreso o de la firma del tratado 1986.
Sede del congreso/Lugar de la reunión Madrid)
9 (RLIN) 1084
245 10 - MENCIÓN DEL TÍTULO
Título Busca y rebusca de Valle-Inclán
Resto del título : quimera, cántico : ponencias, comunicaciones y debates del Simposio Internacional sobre Valle-Inclán, mayo 1986 /
Mención de responsabilidad, etc. director del Simposio y edición, Juan Antonio Hormigón.
260 ## - PUBLICACIÓN, DISTRIBUCIÓN, ETC.
Lugar de publicación, distribución, etc. [Madrid] :
Nombre del editor, distribuidor, etc. Instituto Nacional de las Artes Escénicas y de la Música,
Fecha de publicación, distribución, etc. D.L. 1990.
300 ## - DESCRIPCIÓN FÍSICA
Extensión 2 v. (405, 291) ;
Dimensiones 24 cm.
500 ## - NOTA GENERAL
Nota general En la port. : Valle-Inclán y su tiempo hoy.
600 14 - PUNTO DE ACCESO ADICIONAL DE MATERIA--NOMBRE DE PERSONA
Nombre de persona Valle-Inclán, Ramón del,
Fechas asociadas al nombre 1866-1936-
Subdivisión de forma Congresos y asambleas
9 (RLIN) 112799
700 1# - ENTRADA AGREGADA--NOMBRE PERSONAL
Nombre de persona Hormigón, Juan Antonio.
9 (RLIN) 64204
710 2# - ENTRADA AGREGADA--NOMBRE DE ENTIDAD CORPORATIVA
Nombre de entidad corporativa o nombre de jurisdicción como elemento de entrada Instituto Nacional de las Artes Escénicas y de la Música (España)
9 (RLIN) 5175
740 0# - ENTRADA AGREGADA--TÍTULO RELACIONADO/ANALÍTICO NO CONTROLADO
Título relacionado o analítico no controlado Valle-Inclán y su tiempo hoy.
852 ## - LOCALIZACIÓN
Ubicación ES-MaACL
Número de control de estantería L-18431-32
Sublocalización o colección R.123429
Holdings
Estatus retirado Estado de pérdida Estado de daño No para préstamo Biblioteca de origen Biblioteca actual Ubicación en estantería Fecha de adquisición Fuente de adquisición Total de préstamos Signatura topográfica completa Código de barras Visto por última vez Precio de reemplazo Tipo de ítem Koha
        Biblioteca del Ateneo de Madrid Biblioteca del Ateneo de Madrid Depósito 2 17/01/2008     L-18431-32 1011276 23/02/2023 23/02/2023 Libro impreso